| 000 | 00602nam a2200157 a 4500 | ||
|---|---|---|---|
| 008 | 150618s2009 ||||||||||||||||| || u | ||
| 020 | _a9781412935470 | ||
| 050 | _aHF 5549 Cun | ||
| 100 | _aCunliffe, Ann L | ||
| 245 | 1 | 2 |
_aA very short, fairly interesting and reasonably cheap book about managing _cby Ann L. Cuncliffe |
| 260 |
_aLos Angeles _bSAGE Publications _c2009 |
||
| 300 | _ax, 156p. | ||
| 350 | _a33.00 | ||
| 650 | 0 | _aMANAGEMENT | |
| 995 |
_FCBU-MAIN LIBRARY (Kitwe) _I33.00 _M1 _UAVAILABLE _WSep 7, 2015 _ZMain Library Open Access Collection |
||
| 999 |
_c61289 _d61289 |
||